000 nam a22 7a 4500
999 _c93432
_d93432
005 20200122090858.0
008 200122b ilu||||| |||| 00| 0 eng d
020 _a025202866X
050 0 4 _aKF4770
_bB49 2003
100 1 _aBezanson, Randall P.
245 1 0 _aHow free can the press be?
_c / Randall P. Bezanson
250 _a1a. ed.
260 _aChicago :
_bUniversity of Illinois Press,
_c2003
300 _a258 p. ;
_c23 cm.
490 0 _aThe History of Communication
504 _aIncluye bibliografía e índice
650 4 _aLibertad de expresión
_zEstados Unidos
942 _2lcc
_cLIB